| 000 | 01115 a2200277 4500 | ||
|---|---|---|---|
| 003 | Nust | ||
| 005 | 20170207154053.0 | ||
| 010 | _a 2007298044 | ||
| 020 | _a0470512156 | ||
| 020 | _a9780470512159 | ||
| 035 | _a(OCoLC)85829253 | ||
| 035 | _a(OCoLC)ocm85829253 | ||
| 040 | _cNust | ||
| 082 | 0 | 4 | _a621.38132 |
| 100 | 1 | _aZhipeng Wu. | |
| 245 | 1 | 0 |
_aSoftware VNA and microwave network design and characterisation (E-Book) _cZhipeng Wu. |
| 260 |
_aChichester ; _aHoboken, N.J. : _bJohn Wiley, _cc2007. |
||
| 300 |
_axviii, 256 p. : _bill. ; _c24 cm. + _e1 CD-ROM (4 3/4 in.) |
||
| 650 | 0 |
_aMicrowave circuits _xComputer simulation. |
|
| 650 | 0 |
_aMicrowave circuits _xDesign. |
|
| 650 | 0 | _aMicrowave circuits. | |
| 651 | _aSoftware VNA and microwave network design and characterisation (E-Book) | ||
| 856 | 4 | 1 |
_3Contributor biographical information _uhttp://www.loc.gov/catdir/enhancements/fy0741/2007298044-b.html |
| 856 | 4 | 1 |
_3Publisher description _uhttp://www.loc.gov/catdir/enhancements/fy0741/2007298044-d.html |
| 856 | 4 | 1 |
_3Table of contents only _uhttp://www.loc.gov/catdir/enhancements/fy0741/2007298044-t.html |
| 942 |
_2ddc _cBK |
||
| 999 |
_c193229 _d193229 |
||